[Event "ch-AUT"]
[Site "Oberpullendorf AUT"]
[Date "2002.08.17"]
[Round "8"]
[White "Loidl,F"]
[Black "Schnider,G"]
[Result "1/2-1/2"]
[WhiteElo "2233"]
[BlackElo "2198"]

1.e4 c5 2.Nf3 Nc6 3.Bb5 e6 4.O-O Nge7 5.d4 cxd4 6.Nxd4 a6 7.Bxc6 Nxc6 8.Be3 Be7
9.Nc3 O-O 10.Qh5 Qa5 11.Qxa5 Nxa5 12.b3 b5 13.Rfd1 Bb7 14.Nde2 d6 15.Bb6 Nc6
16.Bc7 Nb4 17.Rac1 d5 18.a3 Rac8 19.Bf4 Nc6 20.exd5 exd5 21.b4 Bf6 22.Nxd5 Bb2
23.Rb1 Rfe8 24.Be3 Be5 25.Nb6 Rcd8 26.c3 Bc7 27.Nd7 Bc8 28.Nc5 Ne5 29.Rxd8 Bxd8
30.a4 bxa4 31.Nxa4 Nc4 32.Rd1 Nxe3 33.fxe3 Bg5 34.Nf4 Rxe3 35.Kf2 Re8 36.g3 Kf8
37.Nb6 Bg4 38.Ra1 Bf6 39.Nbd5 Be5 40.Rxa6 Rc8 41.Ne3 Bxc3 42.Nxg4 Bxb4 43.Kf3 Bc5
44.Ne5 Bd4 45.Nc6 Bg1 46.h3 g6 47.Nd3 Rc7 48.Nde5 Kg7 49.Nd8 Bd4 50.Nexf7 Rxf7+
51.Nxf7 Kxf7 52.g4 Bb2 53.Ra7+ Kg8 54.Kf4 Bc1+ 55.Ke5 Bb2+ 56.Ke6 Bc3 57.h4 Bb2
58.h5 gxh5 59.g5 Bc3 60.Ra3 Bb2 61.Rh3 Kg7 62.Kf5 Bd4 63.Rxh5 Bc3 64.Rh6 Bb2
65.Rb6 Bc3 66.Rb7+ Kg8 67.Kg4 Bd4 68.Kh5 Bc5 69.Rd7 Bb4 70.Rd8+ Kg7 71.Rb8 Bc5
72.Rd8 Bb4 73.Rd5 Ba3 74.Kg4 Kg8 75.Kf5 Bb2  1/2-1/2

[Event "ch-AUT"]
[Site "Oberpullendorf AUT"]
[Date "2002.08.18"]
[Round "9"]
[White "Loidl,F"]
[Black "Pilaj,H"]
[Result "0-1"]
[WhiteElo "2233"]
[BlackElo "2312"]

1.e4 c5 2.Nf3 Nc6 3.Bb5 g6 4.c3 Bg7 5.d3 e5 6.O-O Nge7 7.Be3 d6 8.d4 exd4
9.cxd4 O-O 10.Nc3 Qb6 11.Bxc6 Nxc6 12.Nd5 Qxb2 13.a4 Bg4 14.Rb1 Qa3 15.Ra1 Qb2
16.Rb1 Qa3 17.Qc2 Bxf3 18.gxf3 Nxd4 19.Bxd4 cxd4 20.Kg2 d3 21.Qc4 b6 22.Rfd1 Kh8
23.Rxd3 Qc5 24.Qa6 f5 25.Rd2 Rf7 26.Rxb6 fxe4 27.Rc6 exf3+ 28.Kh3 Qa3 29.Rxd6 Qc1
30.Ne3 Be5 31.Rd7 Qg1 32.Rd8+ Kg7 33.Ng4 Rxd8 34.Qe6 Qg2+ 35.Kh4 Bf6+ 36.Nxf6 Rxd2
37.Ng4 Re2 38.Qd6 h5 39.Qd4+ Kh7 40.Nf6+ Rxf6 41.Qd7+ Kh6  0-1

[Event "ADCF Masters"]
[Site "Abu Dhabi UAE"]
[Date "2002.08.19"]
[Round "8"]
[White "Poluljahov,A"]
[Black "Umansky,Vl"]
[Result "1-0"]
[WhiteElo "2512"]
[BlackElo "2405"]

1.e4 c5 2.Nf3 Nc6 3.Bb5 e6 4.O-O Nge7 5.b3 Nd4 6.Nxd4 cxd4 7.Bb2 a6 8.Be2 Nc6
9.c3 Bc5 10.c4 O-O 11.d3 d5 12.Nd2 dxe4 13.Nxe4 Be7 14.f4 f5 15.Nf2 Bd6 16.Nh3 Qh4
17.Bc1 h6 18.Bf3 Bd7 19.Bd2 Kh7 20.Be1 Qd8 21.Bf2 e5 22.Bg3 exf4 23.Bxf4 Qc7
24.Bd5 Bxf4 25.Nxf4 g5 26.Ne6 Bxe6 27.Bxe6 Qe5 28.Re1 Qf6 29.Bd5 Rae8 30.Rf1 Kg7
31.g3 Re3 32.b4 Qe5  1-0

[Event "Saraybahce GP"]
[Site "Kocaeli TUR"]
[Date "2002.08.19"]
[Round "3"]
[White "Husnullin,R"]
[Black "Arduman,C"]
[Result "1/2-1/2"]
[WhiteElo "2202"]
[BlackElo "2358"]

1.e4 c5 2.Nf3 Nc6 3.Bb5 d6 4.O-O Bd7 5.Re1 Nf6 6.c3 a6 7.Bf1 Bg4 8.h3 Bxf3
9.Qxf3 g6 10.a4 Bh6 11.Na3 O-O 12.Rd1 Rc8 13.d3 Bxc1 14.Raxc1 Nd7 15.Nc4 Nb6
16.Nxb6 Qxb6 17.Qe2 Rcd8 18.g3 d5 19.exd5 Rxd5 20.Bg2 Rd7 21.h4 Qc7 22.Qe4 Rfd8
23.Rc2 Qe5 24.Re2 Qxe4 25.Bxe4 Na5 26.Rde1 e6 27.Kg2 b6 28.b4 cxb4 29.cxb4 Nb3
30.Rc2 Nd4 31.Rc4 Rd6 32.Rec1 Kg7 33.Rc7 R8d7 34.Bb7 a5 35.bxa5 bxa5 36.Bc8 Rxc7
37.Rxc7 Nb3 38.Bd7 Kf8 39.Bb5 Nd4 40.Bc4 Rb6 41.h5 gxh5 42.Rc5 Nc6 43.Rxh5 Ke7
44.Kf3 Rb4 45.Ke3 Kd6 46.Rxh7 Ne5 47.Bb5 Ng4+ 48.Kf3 f5 49.Rd7+ Ke5 50.Bc4 Rb2
51.d4+ Kf6 52.Be2 Rb4 53.Bb5 Rb3+ 54.Ke2 Rb2+ 55.Kd3 Nxf2+ 56.Kc4 Ne4 57.Ra7 Rb4+
58.Kd3 Rb3+ 59.Kc2 Rxg3 60.Rxa5 f4 61.Ra8 Ke7 62.a5 Nc3 63.Bc4 Ne4 64.Bb5 Nc3
65.Bc4 Ne4 66.Bb5  1/2-1/2

[Event "ADCF Masters"]
[Site "Abu Dhabi UAE"]
[Date "2002.08.21"]
[Round "9"]
[White "Al Marri,O"]
[Black "Khalid AlShaali"]
[Result "1/2-1/2"]
[WhiteElo "2076"]
[BlackElo "2197"]

1.e4 c5 2.Nf3 Nc6 3.Bb5 g6 4.Bxc6 bxc6 5.O-O Bg7 6.Re1 Nh6 7.c3 f6 8.d4 cxd4
9.cxd4 d6 10.b3 O-O 11.Bb2 Nf7 12.Nc3  1/2-1/2

[Event "WY ol"]
[Site "Kuala Lumpur MAS"]
[Date "2002.08.21"]
[Round "3"]
[White "Zhou Weiqi"]
[Black "Manescu,T"]
[Result "0-1"]
[WhiteElo "2318"]
[BlackElo "2330"]

1.e4 c5 2.Nf3 Nc6 3.Bb5 e6 4.O-O Nge7 5.Re1 a6 6.Bf1 d6 7.c3 Ng6 8.d4 Be7
9.a4 O-O 10.d5 exd5 11.exd5 Nb8 12.Na3 Nd7 13.h3 b6 14.Nc4 Bb7 15.Ne3 Nf6
16.c4 Re8 17.Nf5 Bc8 18.Ng3 Bd7 19.Ra3 Qc7 20.Bg5 h6 21.Be3 Bf8 22.Bd3 Ne5
23.Nxe5 dxe5 24.Qc2 b5 25.b3 bxa4 26.bxa4 Rab8 27.Bd2 Bd6 28.Bf5 Bxf5 29.Qxf5 e4
30.Bc3 Bxg3 31.Bxf6 Qf4 32.Qxf4 Bxf4 33.Bc3 f5 34.g3 Bd6 35.h4 g6 36.Kg2 Rb7
37.Re2 Kf7 38.Raa2 Rb3 39.Bd2 Kg7 40.Rb2 Reb8 41.Rxb3 Rxb3 42.Be3 Rb4 43.a5 Rxc4
44.Rd2 Rb4 45.Kf1 Rb5 46.Bf4 Bxf4 47.gxf4 Kf7 48.d6 Rb8 49.d7 Ke7 50.Rd5 h5
51.Ke2 c4 52.Kd2 Rd8 53.Kc3 Rxd7 54.Kxc4 Rb7 55.Re5+ Kf7 56.Rc5 Rb2 57.Rc7+ Kf8
58.Kd4 Rxf2 59.Ke5 Rd2 60.Ke6 e3 61.Rc8+ Kg7 62.Rc7+ Kh6 63.Rc8 e2 64.Kf6 Rd6+
65.Kf7 Rd7+  0-1

[Event "Open"]
[Site "Nikea GRE"]
[Date "2002.08.21"]
[Round "3"]
[White "Mihailidis,A"]
[Black "Pambalou,F"]
[Result "1-0"]
[WhiteElo "2202"]
[BlackElo "2063"]

1.e4 c5 2.Nf3 Nc6 3.Bb5 g6 4.c3 Bg7 5.d4 Qb6 6.a4 a6 7.dxc5 Qxc5 8.Be3 Qh5
9.Be2 Qa5 10.Na3 b5 11.axb5 axb5 12.O-O Bb7 13.Nxb5 Qxa1 14.Qxa1 Rxa1 15.Rxa1 d6
16.Nbd4 Nxd4 17.Nxd4 Bxd4 18.Bb5+ Kf8 19.Bxd4 e5 20.Bb6 Ne7 21.Ra7 Bxe4 22.Bd8 Nc8
23.Rc7 Bf5 24.Bf6 Rg8 25.Bd7 Nb6 26.Bxf5 gxf5 27.Rb7  1-0

[Event "WY ol"]
[Site "Kuala Lumpur MAS"]
[Date "2002.08.22"]
[Round "5"]
[White "Alaguzov,M"]
[Black "Nguyen Viet Chung"]
[Result "1-0"]
[WhiteElo "2075"]
[BlackElo "2094"]

1.e4 c5 2.Nf3 Nc6 3.Bb5 g6 4.Bxc6 bxc6 5.O-O Bg7 6.d3 d6 7.Nc3 e6 8.Be3 e5
9.Qd2 Ne7 10.Bh6 O-O 11.Bxg7 Kxg7 12.Ne1 Be6 13.f4 f5 14.fxe5 dxe5 15.Nf3 Rb8
16.b3 f4 17.Qf2 Qd6 18.Na4 Rb5 19.c4 Ra5 20.Qd2 Ra6 21.Qc3 Kf6 22.Nxe5 Qxe5
23.Rxf4+ Bf5 24.exf5 Nxf5 25.g4 Rxa4 26.g5+  1-0

[Event "Open"]
[Site "Nikea GRE"]
[Date "2002.08.22"]
[Round "4"]
[White "Balaskas,P"]
[Black "Managadze,N"]
[Result "0-1"]
[WhiteElo "2201"]
[BlackElo "2428"]

1.e4 c5 2.Nf3 Nc6 3.Bb5 g6 4.c3 Bg7 5.d4 cxd4 6.O-O dxc3 7.Nxc3 d6 8.Bf4 Bd7
9.Qd2 Nf6 10.Bh6 O-O 11.Rad1 Qb6 12.a4 a6 13.Bxg7 Kxg7 14.Bc4 Bg4 15.Rfe1 Bxf3
16.gxf3 Qc5 17.Be2 Rfd8 18.f4 Rac8 19.Bf3 e5 20.Ne2 Qb4 21.Qxb4 Nxb4 22.Rd2 Kf8
23.Red1 Ke7 24.Kg2 h5 25.Kg3 Rd7 26.Kh4 Rc4 27.b3 Rc5 28.Kg5 exf4+ 29.Kxf4 Nc6
30.h4 b5 31.Ra1 b4 32.Rad1 a5 33.Bg2 Ne5 34.Kg3 Neg4 35.Rd3 Rc2 36.Nd4 Rxf2
37.Nc6+ Kf8 38.Nxa5 Rc2 39.e5 dxe5 40.Rxd7 Nxd7 41.Rxd7 Rc3+ 42.Bf3 e4 43.Rd4 exf3
44.Rf4 f2+ 45.Kg2 Rc1 46.Rxf2 Nxf2 47.Kxf2 Rc3  0-1

[Event "Open"]
[Site "Padron ESP"]
[Date "2002.08.22"]
[Round "1"]
[White "Herrera,I"]
[Black "Penalonga Sweers,A"]
[Result "1-0"]
[WhiteElo "2478"]
[BlackElo "2050"]

1.e4 c5 2.Nf3 Nc6 3.Bb5 g6 4.Bxc6 dxc6 5.O-O Bg7 6.d3 e5 7.Be3 b6 8.h3 Ne7
9.Qd2 O-O 10.Bh6 Qd6 11.Bxg7 Kxg7 12.a4 h6 13.Nc3 g5 14.h4 gxh4 15.Nxh4 Qf6
16.Nf3 Kh7 17.Nh2 Rg8 18.f4 Bh3  1-0

[Event "ch-FRA w"]
[Site "Val d'Isere FRA"]
[Date "2002.08.22"]
[Round "4"]
[White "Te Llalemand,R"]
[Black "Milliet,S"]
[Result "1/2-1/2"]
[WhiteElo "2301"]
[BlackElo "2173"]

1.e4 c5 2.Nf3 Nc6 3.Bb5 e6 4.O-O Nge7 5.Re1 a6 6.Bf1 d5 7.exd5 Nxd5 8.Nc3 Nxc3
9.bxc3 Be7 10.d4 O-O 11.Bd3 cxd4 12.cxd4 Bf6 13.c3 Qa5 14.Qc2 Qh5 15.Bf4 Bd7
16.Ne5 Bxe5 17.Bxe5 Rac8 18.Qd2 Nxe5 19.Rxe5 Qh4 20.Rae1 Bc6 21.R1e3 g6 22.Rh3 Qf6
23.Qh6 Qg7 24.Qh4 Kh8 25.Be4 Bxe4 26.Qxe4 Rfd8 27.Re3 b5 28.h4 b4 29.cxb4 Rc4
30.Rd3 Rxb4 31.g3 Qf6 32.Qe3 Rb1+ 33.Kg2 Rb2 34.a3 Rc8 35.Qf3 Qxf3+ 36.Rxf3 Kg7
37.h5 h6 38.Ra5 Rc6 39.hxg6 Kxg6 40.d5 exd5 41.Rxd5 Rbb6 42.Rfd3 Kg7 43.Rd7 Rf6
44.f4 Rb2+ 45.Kf3 Rfb6 46.Rc7 R2b3 47.Rcc3 Rxc3 48.Rxc3 Kg6 49.a4 f6 50.Rc5 h5
51.Ra5 Rb3+ 52.Kg2 Rb2+ 53.Kh3 Rb6 54.Rc5 Rb4 55.a5 Ra4  1/2-1/2

[Event "Saraybahce GP"]
[Site "Kocaeli TUR"]
[Date "2002.08.24"]
[Round "8"]
[White "Moiseenko,A"]
[Black "Atakisi,U"]
[Result "1-0"]
[WhiteElo "2578"]
[BlackElo "2361"]

1.e4 c5 2.Nf3 Nc6 3.Bb5 d6 4.O-O Bd7 5.Re1 Nf6 6.c3 a6 7.Bxc6 Bxc6 8.d4 Bxe4
9.Bg5 Bd5 10.c4 Bxf3 11.Qxf3 cxd4 12.Qxb7 e6 13.Qc6+ Ke7 14.Qb7+ Ke8 15.Qc6+ Ke7
16.Nd2 Rb8 17.Nb3 Qd7 18.Nxd4 h6 19.Qxa6 Rc8 20.Bf4 Ne8 21.Rad1 Kf6 22.Nb5 Rc6
23.Qa3  1-0

[Event "ch-FRA w"]
[Site "Val d'Isere FRA"]
[Date "2002.08.24"]
[Round "6"]
[White "Muller,A"]
[Black "Te Llalemand,R"]
[Result "1-0"]
[WhiteElo "2169"]
[BlackElo "2301"]

1.e4 c5 2.Nf3 Nc6 3.Bb5 g6 4.Bxc6 bxc6 5.O-O Bg7 6.Re1 e5 7.d3 d6 8.c3 Ne7
9.Nbd2 O-O 10.Nc4 f5 11.exf5 Bxf5 12.Ne3 Bd7 13.Rb1 Kh8 14.b4 cxb4 15.cxb4 Nf5
16.Bb2 Nd4 17.Nxd4 exd4 18.Nc4 Qf6 19.Qc2 Rae8 20.Rxe8 Rxe8 21.Na5 Qe5 22.h3 Qg5
23.Kf1 c5 24.bxc5 dxc5 25.Qc1 Qe5 26.Kg1 Bf8 27.Nc4 Qe2 28.Qf1 Qe6 29.Bc1 Bc6
30.Bf4 Qd5 31.f3 Qf5 32.Bh2 Re6 33.Rb8 Kg7 34.Bg3 Be7 35.Nd2 Bg5 36.Nc4 Be7
37.Kh2 h5 38.h4 g5 39.hxg5 Qxg5 40.f4 Qf5 41.Kg1 Qg4 42.f5 Rh6 43.Be5+ Bf6
44.Bd6 Rh8 45.Ne5 Qg3 46.Rxh8 Bxe5 47.Bxe5+ Qxe5 48.Rc8 Bd7 49.f6+ Kf7 50.Rh8 Qe3+
51.Kh1 Bc6 52.Rxh5 c4 53.Rh7+ Kf8 54.Qf5 cxd3 55.Qc5+ Kg8 56.Rg7+  1-0

[Event "ch-FRA"]
[Site "Val d'Isere FRA"]
[Date "2002.08.24"]
[Round "6"]
[White "Marcelin,C"]
[Black "Bacrot,E"]
[Result "1-0"]
[WhiteElo "2470"]
[BlackElo "2653"]

1.e4 c5 2.Nf3 Nc6 3.Bb5 e6 4.Bxc6 bxc6 5.d3 Ne7 6.Qe2 f6 7.Nh4 g6 8.f4 Bg7
9.O-O O-O 10.Nf3 h6 11.Be3 d6 12.e5 fxe5 13.fxe5 Nf5 14.Nbd2 g5 15.g4 Nxe3
16.Qxe3 Rb8 17.b3 Rb4 18.Nc4 d5 19.a3 Rb8 20.Nd6 Qa5 21.Nxg5 Rxf1+ 22.Rxf1 hxg5
23.Qxg5 Ba6 24.Qg6 Qd2 25.Qxe6+ Kh7 26.Qf5+ Kg8 27.Qf7+ Kh7 28.Rf5 Qd1+ 29.Kf2 Qd2+
30.Kg3 Qe3+ 31.Kh4 Qe1+ 32.Kh3 Qe3+ 33.Kh4 Qe1+ 34.Kh5 Qe3 35.Qg6+ Kg8 36.Qe6+ Kh7
37.Qg6+ Kg8 38.h4 c4 39.Qe6+ Kh7 40.Qg6+ Kg8  1-0

[Event "WY ol"]
[Site "Kuala Lumpur MAS"]
[Date "2002.08.25"]
[Round "6"]
[White "Rendle,T"]
[Black "Murariu,A"]
[Result "0-1"]
[WhiteElo "2241"]
[BlackElo "2401"]

1.e4 c5 2.Nf3 Nc6 3.Bb5 g6 4.O-O Bg7 5.Bxc6 dxc6 6.d3 Nf6 7.Nc3 O-O 8.Be3 b6
9.h3 Ne8 10.a3 Nc7 11.Qd2 Ne6 12.Ne1 c4 13.Bh6 cxd3 14.Bxg7 Kxg7 15.Nxd3 Ba6
16.Rfd1 Qc7 17.Ne2 Rfd8 18.c4 c5 19.Qc3+ f6 20.Ne1 Rd7 21.Nc2 Rad8 22.Rd5 Bb7
23.Rxd7 Qxd7 24.f3 Qd2 25.Kf1 Rd3 26.Qxd2 Rxd2 27.Rc1 Nd4 28.Ncxd4 cxd4 29.b4 e5
30.b5 Rb2 31.a4 Kf8 32.c5 d3 33.cxb6 axb6 34.Nc3 Bc8 35.Rd1 Be6 36.Nd5 d2
37.Ke2 Bxd5 38.exd5 Ke7 39.Ra1 Kd6 40.a5 bxa5 41.Rxa5 Kxd5 42.g4 Kd4 43.Ra4+ Kc3
44.Ra7 Rxb5 45.Rc7+ Kd4 46.Rxh7 d1=Q+ 47.Kxd1 Ke3 48.Rf7 Rb6 49.h4 Kxf3 50.h5 gxh5
51.g5 f5 52.Rxf5+ Ke4 53.Rf6 Rb1+ 54.Ke2 Rg1 55.g6 Rg4 56.Kf2 h4 57.Ke2 h3
58.Rc6  0-1

[Event "WY ol"]
[Site "Kuala Lumpur MAS"]
[Date "2002.08.25"]
[Round "6"]
[White "Howell,D"]
[Black "Manescu,T"]
[Result "0-1"]
[WhiteElo "2211"]
[BlackElo "2330"]

1.e4 c5 2.Nf3 Nc6 3.Bb5 e6 4.Bxc6 bxc6 5.d3 d5 6.c4 Nf6 7.Qe2 Be7 8.O-O Qc7
9.e5 Nd7 10.Bf4 a5 11.Nc3 Ba6 12.Bg3 Qb7 13.Rac1 Nb6 14.b3 Qd7 15.Rfd1 Qd8
16.h4 O-O 17.a4 Nd7 18.h5 h6 19.Nh2 Bh4 20.Qg4 Bxg3 21.Qxg3 Qg5 22.Qxg5 hxg5
23.Ng4 Rab8 24.Rb1 Rb6 25.Na2 Rfb8 26.Nc1 Kf8 27.Rb2 Ke7 28.Rbd2 Rh8 29.g3 Rxh5
30.Kg2 Rb8 31.Rh1 Rxh1 32.Kxh1 f6 33.f4 Rh8+ 34.Kg2 gxf4 35.gxf4 Rh4 36.Kg3 Rh1
37.Rc2 Rh5 38.Rh2 Rxh2 39.Kxh2 Bc8 40.Kg3 Nb6 41.Ne2 Bd7 42.Ne3 Be8 43.Nc1 Bg6
44.Ng4 Nd7 45.Kh4 Bf5 46.exf6+ gxf6 47.Ne3 Bg6 48.Kg4 Kd6 49.Kh4 Nb8 50.Kg4 Na6
51.f5 exf5+ 52.Nxf5+ Ke6 53.Nh4 Bh7 54.Kf4 Nb4 55.Ke3 d4+ 56.Ke2 Ke5 57.Ng2 Bg6
58.Ne1 Kf4 59.Kf2 Kg4 60.Kg2 Kf4 61.Kf2 Bh5 62.Ng2+ Kg5 63.Kg3 Bd1 64.Nf4 Bg4
65.Ng2 Nc2 66.Kf2 f5 67.Ne2 Bxe2 68.Kxe2 Kg4 69.Kd2 Nb4 70.Ke2 Nc2 71.Kd2 Kg3  0-1

[Event "WY ol"]
[Site "Kuala Lumpur MAS"]
[Date "2002.08.25"]
[Round "7"]
[White "Deepan,C"]
[Black "Areshchenko,A"]
[Result "1-0"]
[WhiteElo "2310"]
[BlackElo "2533"]

1.e4 c5 2.Nf3 Nc6 3.Bb5 d6 4.O-O Bd7 5.Re1 Nf6 6.h3 e6 7.c3 a6 8.Bf1 Be7
9.d4 cxd4 10.cxd4 d5 11.e5 Ne4 12.Nbd2 Nxd2 13.Bxd2 Rc8 14.Qb3 Rc7 15.Rac1 O-O
16.Bd3 b5 17.Bb1 Qb8 18.h4 Rfc8 19.h5 g6 20.Qe3 Nb4 21.Rxc7 Rxc7 22.Qf4 Qf8
23.Nh2 Nc6 24.Ng4 Qg7 25.Nf6+ Kh8 26.Rc1 g5 27.Qg4 Bxf6 28.exf6 Qf8 29.Qxg5 Rc8
30.Be3 Re8 31.h6 Rc8 32.Kh2 Qd6+ 33.Bf4 Qf8 34.Rh1 Nxd4 35.Qg7+ Qxg7 36.hxg7+ Kg8
37.Kg1 Nc2 38.Kf1 e5 39.Bxe5 Bf5 40.Ke2 d4 41.Kd2 d3 42.a3 Rc5 43.Bc3 a5
44.Bxc2 dxc2 45.Bxa5 Rd5+ 46.Kc1 Re5 47.Re1 Re6 48.Bc3 h6 49.g3 Kh7 50.Rxe6  1-0

[Event "WY ol"]
[Site "Kuala Lumpur MAS"]
[Date "2002.08.25"]
[Round "7"]
[White "Howell,D"]
[Black "Gareev,T"]
[Result "0-1"]
[WhiteElo "2211"]
[BlackElo "2191"]

1.e4 c5 2.Nf3 Nc6 3.Bb5 g6 4.Bxc6 bxc6 5.O-O Bg7 6.Re1 f6 7.c3 Nh6 8.d4 cxd4
9.cxd4 O-O 10.Nc3 d6 11.b3 Nf7 12.Bb2 Ba6 13.Rc1 Rc8 14.d5 c5 15.Ne2 Bh6
16.Rc2 Ne5 17.Bc1 Nxf3+ 18.gxf3 Bxc1 19.Nxc1 Qd7 20.f4 Rce8 21.Re3 Bb7 22.Ne2 f5
23.e5 e6 24.dxe6 Qc6 25.f3 Rxe6 26.Rcc3 Rfe8 27.Qc1 Qb6 28.exd6 Qxd6 29.Kf2 Ba6
30.Rxe6 Rxe6 31.Re3 Bxe2 32.Kxe2 Qxf4 33.Qxc5 Qxh2+ 34.Kd3 Qd6+ 35.Qxd6 Rxd6+
36.Kc4 Kf7 37.Kc5 Re6 38.Rd3 g5 39.a4 h5 40.a5 Re5+ 41.Kb4 g4 42.a6 g3 43.f4 Re4+
44.Kc5 h4 45.Rd7+ Re7 46.Rd5 Kf6 47.Rd6+ Re6  0-1

[Event "Open"]
[Site "Padron ESP"]
[Date "2002.08.26"]
[Round "5"]
[White "Herrera,I"]
[Black "Fleitas,Y"]
[Result "1-0"]
[WhiteElo "2478"]
[BlackElo "2229"]

1.e4 c5 2.Nf3 Nc6 3.Bb5 e6 4.Bxc6 bxc6 5.d3 Ne7 6.O-O Ng6 7.Ng5 f6 8.Nh3 d5
9.Qh5 Be7 10.f4 f5 11.exf5 exf5 12.Nd2 O-O 13.Nf3 Qd6 14.Bd2 Bd7 15.Rae1 Be8
16.Nfg5 h6 17.Re6 Qd7 18.Rxg6 Bxg6 19.Qxg6 hxg5 20.fxg5 Qe8 21.Qe6+ Qf7 22.Qxc6 Rad8
23.Bf4 Qe8 24.Qe6+ Qf7 25.Qa6 Bd6 26.Bxd6 Qe6 27.Nf4 Qxd6 28.Qxa7 Ra8 29.Qb7 Rfb8
30.Qxd5+ Qxd5 31.Nxd5 g6 32.b3 Rxa2 33.Rc1 Rba8 34.Kf2 Ra1 35.Rxa1 Rxa1 36.Ke3 Kf7
37.h4 Rg1 38.Nf4 Rc1 39.Kd2 Rf1 40.g3 Rf3 41.Ne2 Ke7 42.c3 Kd6 43.b4 cxb4
44.cxb4 Kd5 45.b5 Kc5 46.h5  1-0

[Event "ch-FRA"]
[Site "Val d'Isere FRA"]
[Date "2002.08.27"]
[Round "8"]
[White "Sokolov,And"]
[Black "Lautier,J"]
[Result "1/2-1/2"]
[WhiteElo "2587"]
[BlackElo "2663"]

1.e4 c5 2.Nf3 Nc6 3.Bb5 e6 4.Bxc6 bxc6 5.d3 Ne7 6.O-O Ng6 7.Ng5 e5 8.Qh5 Qf6
9.Nc3 d6 10.Ne2 h6 11.Nh3 Nh4 12.Ng5 Ng6 13.Nh3 Nh4 14.Ng5 Ng6  1/2-1/2

[Event "ch-RUS"]
[Site "Krasnodar RUS"]
[Date "2002.08.28"]
[Round "2"]
[White "Cherniaev,A1"]
[Black "Frolyanov,D"]
[Result "1-0"]
[WhiteElo "2509"]
[BlackElo "2448"]

1.e4 c5 2.Nf3 Nc6 3.Bb5 e6 4.O-O Nge7 5.c3 a6 6.Be2 d5 7.exd5 Nxd5 8.d4 cxd4
9.Nxd4 Bd7 10.Bf3 Be7 11.Bxd5 exd5 12.Be3 O-O 13.Qh5 Be6 14.Nd2 Qd7 15.h3 Bf6
16.N2f3 Na5 17.Rfe1 Nc4 18.Re2 Rfe8 19.Rae1 Nd6 20.Bf4 g6 21.Qh6 Bg7 22.Qh4 Ne4
23.Ng5 Nxg5 24.Bxg5 Qd6 25.Bf6 Bd7 26.Bxg7 Kxg7 27.Rxe8 Rxe8 28.Rxe8 Bxe8
29.Qg5 Bd7 30.Qe3 h5 31.h4 Be6 32.g3 Bd7 33.Kg2 Kg8 34.Qg5 Kg7 35.Qe3 Kg8
36.Kg1 Kg7 37.Kh2 Kg8 38.Ne2 Qf6 39.Nf4 Bc6 40.a3 Qf5 41.Qe2 Qb1 42.Ng2 Qc1
43.f3 Bb5 44.Qf2 Qd1 45.Ne3 Qd3 46.Nc2 Bd7 47.Nd4 Qd1 48.Kg2 Qc1 49.Qc2 Qe1
50.Qe2 Qc1 51.Nb3 Qb1 52.Qd2 Qf5 53.Qf2 Qb1 54.Nd4 Qc1 55.Qe2 Qb1 56.Qd2 Bc6
57.Qc2 Qe1 58.Qe2 Qc1 59.Kf2 Bd7 60.Nb3 Qb1 61.Ke3 Bb5 62.Qd2 Qg1+ 63.Kf4 Qb6
64.Qd4 Qc6 65.Qe5 Qc4+ 66.Nd4 Qf1 67.Kg5 Qc1+ 68.f4 Qxb2 69.Qb8+ Kg7 70.Ne6+ fxe6
71.Qc7+ Bd7 72.Qxd7+ Kf8 73.Qd8+ Kf7 74.Qc7+  1-0

[Event "ch-RUS"]
[Site "Krasnodar RUS"]
[Date "2002.08.28"]
[Round "2"]
[White "Maiorov,O"]
[Black "Riazantsev,A"]
[Result "1/2-1/2"]
[WhiteElo "2458"]
[BlackElo "2537"]

1.e4 c5 2.Nf3 Nc6 3.Bb5 d6 4.c3 Nf6 5.Qe2 e6 6.O-O Be7 7.e5 dxe5 8.Nxe5 Bd7
9.Bxc6 Bxc6 10.Nxc6 bxc6 11.Rd1 O-O 12.d4 cxd4 13.Rxd4 Qc7 14.Bf4 Qb7 15.c4 e5
16.Qxe5 Qxb2 17.Rd1 Qxe5 18.Bxe5 Ng4 19.Bd4 Rfd8 20.Nc3 c5 21.Be3 Nxe3 22.fxe3 Bf6
23.Rxd8+ Rxd8  1/2-1/2

[Event "GP"]
[Site "Izmir TUR"]
[Date "2002.08.29"]
[Round "2"]
[White "Tofan,I"]
[Black "Chatalbashev,B"]
[Result "0-1"]
[WhiteElo "2219"]
[BlackElo "2530"]

1.e4 c5 2.Nf3 Nc6 3.Bb5 g6 4.O-O Bg7 5.c3 Nf6 6.Re1 O-O 7.d4 d5 8.exd5 Qxd5
9.c4 Qd6 10.d5 Nd4 11.Nxd4 cxd4 12.g3 a6 13.Ba4 b5 14.cxb5 axb5 15.Bxb5 Qxd5
16.a4 Bb7 17.f3 Ng4 18.Bd3 Qxf3 19.Qxf3 Bxf3 20.Nd2 Bc6 21.a5 Ne5 22.Be4 Rfc8
23.Bxc6 Nxc6 24.Nc4 d3 25.Nb6 Bd4+ 26.Be3 d2 27.Re2 Rxa5 28.Rd1 Bxb6 29.Bxb6 Rb5
30.Be3 Rxb2 31.Rexd2 Rxd2 32.Rxd2 Ne5 33.Ra2 f5 34.Kg2 Kf7 35.Bd4 Nc6 36.Rc2 Rd8
37.Bb6 Rd6 38.Bc7 Nd4 39.Rf2 Re6 40.Kf1 Re4 41.Rb2 h5 42.Ra2 h4 43.gxh4 Rxh4
44.Rb2 Nf3 45.Bb8 Rc4 46.Rb7 Rc2 47.Bd6 Nxh2+ 48.Ke1 Ke6 49.Bxe7 f4 50.Kd1 Rg2
51.Bc5 g5 52.Rb5 Nf3 53.Ba7 Rd2+ 54.Kc1 Rd5 55.Rb8 Kf5 56.Rg8 Ne5 57.Rf8+ Ke4
58.Bb8 g4 59.Ba7 g3 60.Rg8 Kf3 61.Bb8 g2 62.Ba7 Ng4 63.Kb2 Ne3  0-1

[Event "ch-RUS"]
[Site "Krasnodar RUS"]
[Date "2002.08.30"]
[Round "4"]
[White "Hasangatin,R"]
[Black "Aseev,K"]
[Result "1/2-1/2"]
[WhiteElo "2517"]
[BlackElo "2575"]

1.e4 c5 2.Nf3 Nc6 3.Bb5 d6 4.Bxc6+ bxc6 5.O-O e5 6.c3 Nf6 7.Re1 Bg4 8.h3 Bxf3
9.Qxf3 Be7 10.Qd1 O-O 11.d4 exd4 12.cxd4 cxd4 13.Qxd4 d5 14.exd5 Nxd5 15.Nd2 Bf6
16.Qa4 Qb6 17.Nc4 Qc5 18.Be3 Nxe3 19.Rxe3 Rab8 20.Rb3 Bd4 21.Rf1 Rbe8 22.Qb4 Qxb4
23.Rxb4 Re2 24.a3 g6 25.b3 Rd8 26.Rb7 Rd5 27.g4 Rb5 28.Rd7 Rd5 29.Rc7 Re6
30.Kg2 h5 31.Rd1 hxg4 32.hxg4 Re2 33.Rd2 Rxd2 34.Nxd2 Bxf2 35.Ne4 Bd4 36.Rxc6 Kg7  1/2-1/2

[Event "Open"]
[Site "Padron ESP"]
[Date "2002.08.30"]
[Round "9"]
[White "Pina,S"]
[Black "Wohl,A"]
[Result "0-1"]
[WhiteElo "2303"]
[BlackElo "2419"]

1.e4 c5 2.Nf3 Nc6 3.Bb5 d6 4.c3 Nf6 5.d3 a6 6.Ba4 b5 7.Bc2 Bg4 8.h3 Bxf3
9.Qxf3 g6 10.O-O Bg7 11.Be3 O-O 12.Qe2 Nd7 13.Rd1 b4 14.Ba4 bxc3 15.bxc3 Rc8
16.d4 Qa5 17.Bb3 cxd4 18.cxd4 e5 19.dxe5 Bxe5 20.Nd2 Bxa1 21.Rxa1 Qc3 22.Rd1 Nd4
23.Qxa6 Nc5 24.Qxd6 Ncxb3 25.axb3 Rfd8 26.Qa6 Nxb3 27.Bg5 Qc2 28.Qe2 f6 29.Bf4 Rd3
30.e5 Re8 31.Kh2 fxe5 32.Bh6 e4 33.Be3 Red8 34.Qg4 Qc7+ 35.Bf4 Qd7 36.Qxd7 R8xd7
37.Nxb3 Rxd1 38.Nc5 Re7 39.Kg3 Kf7 40.h4 h5 41.Be3 Rd5 42.Kf4 Rf5+ 43.Kg3 Re8
44.Nb3 Rd8 45.Nd4 Rxd4 46.Bxd4 Ke6 47.Be3 Kd5 48.Kh2 Kc4 49.g3 Kd3 50.Kg2 Ke2
51.Bb6 g5 52.hxg5 Rxg5 53.Bd8 Rg7 54.Bf6 Rg8 55.Be7 Re8 56.Bg5 Rf8 57.Be3 Rg8
58.Kh3 Kf3 59.Bb6 Rb8  0-1

[Event "ch-RUS"]
[Site "Krasnodar RUS"]
[Date "2002.08.31"]
[Round "5"]
[White "Cherniaev,A1"]
[Black "Pridorozhni,A"]
[Result "1/2-1/2"]
[WhiteElo "2509"]
[BlackElo "2453"]

1.e4 c5 2.Nf3 Nc6 3.Bb5 e6 4.O-O Nge7 5.Re1 a6 6.Bxc6 Nxc6 7.d4 cxd4 8.Nxd4 Qc7
9.Nc3 d6 10.Nxc6 bxc6 11.Qg4 h5 12.Qe2 Be7 13.b3 e5 14.Na4 Bg4 15.f3 Be6
16.c4 O-O 17.Be3 f5 18.exf5 Rxf5 19.Rad1 Raf8 20.c5 d5 21.Qxa6 Bh4 22.Rf1 d4
23.Bd2 Bd8 24.Qe2 Qf7 25.Nb2 Bc7 26.Nd3 Qg6 27.Nb4 Bd7 28.Qe4 Be8 29.Rfe1 h4
30.h3 R8f6 31.Re2 Rxf3 32.Qxg6 Rxg6 33.Kh1 Rf8 34.Na6 Bd8 35.Rxe5 Bd7 36.Re4 Bc8
37.Nb4 Bc7 38.Nd3 Rgf6 39.Kg1 Rg6 40.Kh1 Rg3 41.Nf4 g5 42.Ne2 Rd3 43.Rxd4 Rd8
44.Rxd8+ Bxd8 45.Nc3 g4 46.Be1 Rxd1 47.Nxd1 gxh3 48.gxh3 Bxh3 49.Ne3 Be6
50.Ng2 h3 51.Nf4 Bf5 52.Kh2 Bc7 53.Bg3 Bb1 54.Nxh3 Bd8 55.a3 Bc2 56.b4 Bf6
57.Be1 Kf7 58.Kg3  1/2-1/2

[Event "ch-RUS"]
[Site "Krasnodar RUS"]
[Date "2002.08.31"]
[Round "5"]
[White "Hasangatin,R"]
[Black "Yakovich,Y"]
[Result "0-1"]
[WhiteElo "2517"]
[BlackElo "2586"]

1.e4 c5 2.Nf3 Nc6 3.Bb5 d6 4.d4 cxd4 5.Qxd4 Bd7 6.Bxc6 Bxc6 7.Nc3 Nf6 8.Bg5 e6
9.O-O-O Be7 10.Rhe1 O-O 11.Qd2 h6 12.Bf4 e5 13.Bg3 Rc8 14.Qd3 Nd7 15.Nd5 Bxd5
16.Qxd5 Rc6 17.Kb1 Qc7 18.c3 Rc8 19.Bh4 Nb6 20.Qd3 g5 21.Bg3 Na4 22.Re2 b5
23.Rc2 b4 24.Qb5 Nxb2  0-1

[Event "LAT-EST Match"]
[Site "Riga LAT"]
[Date "2002.08.31"]
[Round "?"]
[White "Makovskis,G"]
[Black "Vaher,A"]
[Result "1-0"]
[WhiteElo "2230"]
[BlackElo "2179"]

1.e4 c5 2.Nf3 Nc6 3.Bb5 e6 4.O-O Nge7 5.d4 cxd4 6.Nxd4 Nxd4 7.Qxd4 Nc6 8.Qd1 Be7
9.Nc3 O-O 10.Bf4 a6 11.Be2 d6 12.Qd2 Qc7 13.Rad1 Rd8 14.Qe3 b5 15.Rd2 Bb7
16.Rfd1 h6 17.Qg3 Ne5 18.Bxh6 Ng6 19.Bh5 Bf6 20.Bxg6 fxg6 21.Qxg6 b4 22.Ne2 Qf7
23.Qg4 Bxb2 24.Rd3 Rf8 25.Rf3 Qe7 26.Bg5 Bf6 27.Bxf6 Rxf6 28.Rxf6 Qxf6 29.Ng3 Rf8
30.Qe2 d5 31.e5 Qf4 32.Nh5 Qf5 33.Rd3 Bc6 34.Rg3 Rf7 35.Nf6+ Kf8 36.Ng4 Bb5
37.Qd2 Qe4 38.h3 a5 39.c3 bxc3 40.Qxc3 Qb4 41.Qc8+ Be8 42.Kh2 Qb6 43.Rb3 Qc6
44.Qd8 a4 45.Rb8 Qd7 46.Qb6 d4 47.Rd8 Qc7 48.Qxd4 Rd7 49.Qf4+ Rf7 50.Qb4+ Re7
51.Ra8 Kf7 52.Qf4+ Kg8 53.Qxa4 Kf7 54.Qf4+ Kg8 55.Qg5 Kh7 56.Rc8 Qa7 57.Rc4 Bg6
58.Nf6+ gxf6 59.Rh4+  1-0

[Event "LAT-EST Match"]
[Site "Riga LAT"]
[Date "2002.08.31"]
[Round "?"]
[White "Smilga,K"]
[Black "Korstin,M"]
[Result "0-1"]
[WhiteElo "2150"]
[BlackElo "2210"]

1.e4 c5 2.Nf3 Nc6 3.Bb5 Qb6 4.Nc3 e6 5.Bxc6 Qxc6 6.O-O a6 7.d4 cxd4 8.Nxd4 Qc7
9.Re1 d6 10.Bg5 Bd7 11.Qd2 Ne7 12.Rad1 Ng6 13.Nd5 exd5 14.exd5+ Ne5 15.f4 f6
16.fxe5 dxe5 17.Be3 Bd6 18.Ne6 Bxe6 19.dxe6 Ke7 20.Qd5 Qc6 21.Qb3 Rac8 22.Rd5 b5
23.Red1 Rhd8 24.c3 g6 25.Kh1 Rb8 26.R1d3 a5 27.Ba7 Ra8 28.Be3 Rab8 29.a4 bxa4
30.Qd1 Rxb2 31.c4 Kxe6 32.Qf1 a3 33.c5 a2 34.cxd6 Rb1 35.Rd1 Qxd5 36.Rxb1 axb1=Q
37.Qxb1 Rxd6  0-1